<?xml version="1.0" encoding="UTF-8"?>
<record
    xmlns:xsi="http://www.w3.org/2001/XMLSchema-instance"
    xsi:schemaLocation="http://www.loc.gov/MARC21/slim http://www.loc.gov/standards/marcxml/schema/MARC21slim.xsd"
    xmlns="http://www.loc.gov/MARC21/slim">

  <leader>01481nam a2200253 a 4500</leader>
  <controlfield tag="001">000005388</controlfield>
  <controlfield tag="005">20240305091016.0</controlfield>
  <controlfield tag="008">090819s1999    sp ac   r     001 0 spa d</controlfield>
  <datafield tag="020" ind1=" " ind2=" ">
    <subfield code="a">8400078136</subfield>
  </datafield>
  <datafield tag="040" ind1=" " ind2=" ">
    <subfield code="a">DO-SdBNP</subfield>
    <subfield code="b">spa</subfield>
    <subfield code="c">BNPHU</subfield>
  </datafield>
  <datafield tag="082" ind1=" " ind2=" ">
    <subfield code="a">634.8346</subfield>
    <subfield code="b">M385v</subfield>
  </datafield>
  <datafield tag="100" ind1="1" ind2=" ">
    <subfield code="a"> Mart&#xED;nez Rodr&#xED;guez, Ma. del Carmen,</subfield>
    <subfield code="q"> (Mar&#xED;a del Carmen)</subfield>
    <subfield code="9">67779</subfield>
  </datafield>
  <datafield tag="245" ind1="1" ind2="3">
    <subfield code="a">La vid en el occidente del principado de Asturias :</subfield>
    <subfield code="b">descripci&#xF3;n ampelogr&#xE1;fica de las variedades /</subfield>
    <subfield code="c">M. del Carmen Mart&#xED;nez Rodr&#xED;guez, Jos&#xE9; Enrique P&#xE9;rez Fern&#xE1;ndez, con la colaboraci&#xF3;n de Dolores Loureiro Rodr&#xED;guez ; prefacio Jean-Michel Boursquot.</subfield>
  </datafield>
  <datafield tag="260" ind1=" " ind2=" ">
    <subfield code="a">Madrid :</subfield>
    <subfield code="b">Consejo Superior de Investigaciones Cient&#xED;ficas,</subfield>
    <subfield code="c">1999.</subfield>
  </datafield>
  <datafield tag="300" ind1=" " ind2=" ">
    <subfield code="a">101 p. :</subfield>
    <subfield code="b">il., retrs.</subfield>
    <subfield code="a">28 cm.</subfield>
  </datafield>
  <datafield tag="504" ind1=" " ind2=" ">
    <subfield code="a">Bibliograf&#xED;a : p. 99-101.</subfield>
  </datafield>
  <datafield tag="505" ind1="0" ind2=" ">
    <subfield code="g">Pr&#xE9;face /</subfield>
    <subfield code="r">Jean-Michel Boursquot --</subfield>
    <subfield code="t">Localizaci&#xF3;n geogr&#xE1;fica y descripci&#xF3;n de la zona --</subfield>
    <subfield code="t">Antecedentes hist&#xF3;ricos --</subfield>
    <subfield code="t">Situaci&#xF3;n actual --</subfield>
    <subfield code="t">Perspectivas de futuro --</subfield>
    <subfield code="t">La ampelograf&#xED;a, origen y desarrollo --</subfield>
    <subfield code="t">Descripci&#xF3;n ampelogr&#xE1;fica de las variedades --</subfield>
    <subfield code="t">Variedades blancas --</subfield>
    <subfield code="t">Variedades tintas --</subfield>
    <subfield code="t">Variedades rosadas o rojas --</subfield>
    <subfield code="t">Referencias bibliogr&#xE1;ficas.</subfield>
  </datafield>
  <datafield tag="650" ind1=" " ind2="4">
    <subfield code="a">Viticultura</subfield>
    <subfield code="z">Espa&#xF1;a</subfield>
    <subfield code="9">15294</subfield>
  </datafield>
  <datafield tag="650" ind1=" " ind2="4">
    <subfield code="a">Uvas para vino</subfield>
    <subfield code="x">Variedades</subfield>
    <subfield code="9">15295</subfield>
  </datafield>
  <datafield tag="700" ind1="1" ind2=" ">
    <subfield code="a">P&#xE9;rez Fern&#xE1;ndez, Jos&#xE9; Enrique</subfield>
    <subfield code="9">15296</subfield>
  </datafield>
  <datafield tag="700" ind1="1" ind2=" ">
    <subfield code="a">Loureiro Rodr&#xED;guez, Dolores,</subfield>
    <subfield code="e">col.</subfield>
    <subfield code="9">15297</subfield>
  </datafield>
  <datafield tag="700" ind1="1" ind2=" ">
    <subfield code="a">Boursquot, Jean-Michel,</subfield>
    <subfield code="e">pr&#xF3;l.</subfield>
    <subfield code="9">15298</subfield>
  </datafield>
  <datafield tag="910" ind1=" " ind2=" ">
    <subfield code="a">Validado. Control de calidad. EMS</subfield>
  </datafield>
  <datafield tag="952" ind1=" " ind2=" ">
    <subfield code="0">0</subfield>
    <subfield code="1">0</subfield>
    <subfield code="5">0</subfield>
    <subfield code="7">1</subfield>
    <subfield code="8">MO</subfield>
    <subfield code="a">GR</subfield>
    <subfield code="b">GR</subfield>
    <subfield code="c">HD</subfield>
    <subfield code="d">2009-08-19</subfield>
    <subfield code="i">LF1</subfield>
    <subfield code="l">0</subfield>
    <subfield code="o">634.8346 M385v</subfield>
    <subfield code="p">5388-10</subfield>
    <subfield code="r">2020-06-25</subfield>
    <subfield code="w">2020-06-25</subfield>
    <subfield code="y">1</subfield>
    <subfield code="Z">No se presta</subfield>
  </datafield>
  <datafield tag="999" ind1=" " ind2=" ">
    <subfield code="c">5188</subfield>
    <subfield code="d">5188</subfield>
  </datafield>
</record>
